Fake Happy - Paramore - Statistics

General Stats
  • This quiz has been taken 18 times
  • The average score is 261 of 300
Answer Stats
Hint Answer % Correct
a
100%
believe
100%
don't
100%
Don't
100%
fake
100%
happy
100%
Bridge | Intro I
100%
if
100%
If
100%
is
100%
make
100%
me
100%
my
100%
Chorus Oh
100%
oh
100%
(Oh
100%
smile
100%
teeth
100%
with
100%
you
100%
You
100%
as
93%
ask
93%
beat
93%
been
93%
everybody
93%
here
93%
how
93%
I'm
93%
I've
93%
know
93%
love
93%
makin'
93%
no
93%
no)
93%
play
93%
please
93%
please)
93%
pretend
93%
see
93%
Verse 1 See
93%
think
93%
too
93%
what
93%
alright
86%
And
86%
and
86%
But
86%
get
86%
just
86%
so
86%
the
86%
when
86%
bet
79%
blink
79%
doin'
79%
easy
79%
'em
79%
go
79%
good
79%
hope
79%
it's
79%
tears?
79%
use?
79%
what's
79%
all
71%
back
71%
fears
71%
feel
71%
job
71%
mascara
71%
on
71%
out
71%
tonight
71%
look
64%
one
64%
quite
64%
sees
64%
these
64%
underneath
64%
We're
64%
were
64%
crawl
57%
draw
57%
gonna
57%
lipstick
57%
mouth
57%
never
57%
stompin'
57%
than
57%
that
57%
they'll
57%
up
57%
wider
57%
are
50%
dress
50%
frown
50%
Pre-Chorus Hey
50%
lights
50%
now
50%
goin'
43%
low
43%
said
43%
was
43%
better
36%
down
36%
knocked
36%
of
36%
That's
29%
things
29%
I'd
21%
known
21%
Outro Carlos
14%
shoulda
14%
insecure
7%
No matching quizzes found
Score Distribution
Percent of People with Each Score
Percentile by Number Answered
Your Score History
You have not taken this quiz